História bedmintonu v Trnave 2. časť, (1985-1991) "Zlatá éra trnavského bedmintonu" TJ Slávia Trnava

Bibliographic Details
Main Author: Rosina, Jozef, 1957- (Author)
Format: Book
Language:Slovak
Published: Trnava B-print 2015
Subjects:

MARC

LEADER 00000cam a2200000 a 4500
001 vtls011550654
003 SK-MaSNL
005 20260302084636.0
008 240318s2015 xo oa g 000 0 slo
015 |a SNBA2016/06 
020 |a 9788089118250  |q (brož.) 
035 |a 3E7723A7-AB7B-4842-8D5F-3A78FD958C8F 
035 |a urn:nbn:sk:snk-amlljz 
035 |a urn:nbn:sk:snk-am00bfce 
040 |a SNK  |b slo  |c SNK  |e AACR2 
041 |a slo 
043 |a e-xo--- 
044 |a xo  |c SK 
072 7 |a 796  |x Šport. Hry. Telesné cvičenia  |2 konspekt 
080 |a 796.344  |2 2011 
080 |a (082.2)  |2 2011 
080 |a (437.6)  |2 2011 
080 |a (048.8)  |2 2011 
100 1 |a Rosina, Jozef,  |d 1957-  |4 aut  |9 435278 
245 1 0 |a História bedmintonu v Trnave  |n 2. časť, (1985-1991)  |p "Zlatá éra trnavského bedmintonu" TJ Slávia Trnava  |c Jozef Rosina 
246 3 0 |a "Zlatá éra trnavského bedmintonu" TJ Slávia Trnava 
260 |a Trnava  |b B-print  |c 2015 
300 |a 272 s., [1] s. fareb. fotogr. príl.  |b fotogr., tab.  |c 21 cm 
366 |e 150 výtl. 
610 2 7 |a TJ Slávia Trnava (Slovensko)  |2 SNKKA  |9 435279 
650 0 7 |a bedminton  |2 SNKPH  |9 3289 
651 7 |a Trnava (Slovensko)  |2 SNKPH  |9 19407 
651 7 |a Trnava (Slovakia)  |2 SNKPHeng  |9 267592 
655 7 |a jubilejné publikácie  |2 SNKPH  |9 70339 
655 7 |a prehľady  |2 SNKPH  |9 70194 
655 7 |a Jubilee books  |2 SNKPHeng  |9 281827 
655 7 |a Surveys  |2 SNKPHeng  |9 266058 
919 |a 978-80-89118-25-0 
999 |c 1188708  |d 1190638 
952 |a SNK  |b SNK  |y PREZ  |7 0  |p 17A1194985  |o snkSC 160503/2  |i snk2016/11789  |8 0  |0 0  |1 0  |4 0  |d 2016-05-06  |f 1  |l 0  |r 2025-08-22 00:00:00  |w 2026-02-24 
952 |a SNK  |b SNK  |y VYP  |7 0  |p 17A1194986  |o snkSC 160503/2 D1  |i snk2016/11790  |8 0  |0 0  |1 0  |4 0  |d 2016-05-06  |l 0  |r 2026-02-24 22:03:23  |w 2026-02-24